Statistics for Countries That Contain J

Click here to take the quiz!

General Stats

  • This quiz has been taken 134 times
  • The average score is 5 of 7

Answer Stats

Answer% Correct
Japan
96%
Jamaica
85%
Jordan
83%
Azerbaijan
73%
Djibouti
62%
Tajikistan
58%
Fiji
52%

Score Distribution

Percentile by Number Answered

Percent of People with Each Score

Your Score History

You have not taken this quiz